| 000 | 00583nam a22001937a 4500 | ||
|---|---|---|---|
| 003 | OSt | ||
| 005 | 20170303150719.0 | ||
| 008 | 170303b xxu||||| |||| 00| 0 eng d | ||
| 020 | _a185339596x | ||
| 040 | _cDDC. | ||
| 082 | _a553.79DEV 2005. | ||
| 100 |
_aMacDonald,Allan;[et......al] _911753 |
||
| 245 | _aDeveloping Groundwater:A guide to Rural water supply. | ||
| 260 |
_aUK, _bPractical action Publishing. _c2005. |
||
| 300 |
_axx,358p; _bcol,ill: _c26cm. |
||
| 504 | _aAppendix,Glossary ,Abbreviation and index are included. | ||
| 650 |
_aPhysics. _9809 |
||
| 942 |
_2ddc _cO_SHELF |
||
| 999 |
_c5638 _d5638 |
||